<?xml version="1.0" encoding="UTF-8"?>
<record
    xmlns:xsi="http://www.w3.org/2001/XMLSchema-instance"
    xsi:schemaLocation="http://www.loc.gov/MARC21/slim http://www.loc.gov/standards/marcxml/schema/MARC21slim.xsd"
    xmlns="http://www.loc.gov/MARC21/slim">

  <leader>01831nam a22002417a 4500</leader>
  <datafield tag="999" ind1=" " ind2=" ">
    <subfield code="c">21991</subfield>
    <subfield code="d">21991</subfield>
  </datafield>
  <controlfield tag="003">AR-CdUCM</controlfield>
  <controlfield tag="008">190425b           ||||| |||| 00| 0 spa d</controlfield>
  <datafield tag="040" ind1=" " ind2=" ">
    <subfield code="a">MUNICIPALIDAD PROVINCIAL DEL CUSCO</subfield>
    <subfield code="c">BIBLIOTECA MUNICIPAL DEL CUSCO</subfield>
  </datafield>
  <datafield tag="082" ind1=" " ind2=" ">
    <subfield code="a">Rev.Inv/N&#xB0;1/2001</subfield>
  </datafield>
  <datafield tag="110" ind1=" " ind2=" ">
    <subfield code="a">Universidad Nacional de San Antonio Abad del Cusco</subfield>
    <subfield code="9">15942</subfield>
  </datafield>
  <datafield tag="245" ind1=" " ind2=" ">
    <subfield code="a">Revista de investigaci&#xF3;n /</subfield>
    <subfield code="c">Concejo de Investigaci&#xF3;n</subfield>
  </datafield>
  <datafield tag="260" ind1=" " ind2=" ">
    <subfield code="a">Cusco.</subfield>
    <subfield code="b">UNSAAC,</subfield>
    <subfield code="c">2001.</subfield>
  </datafield>
  <datafield tag="300" ind1=" " ind2=" ">
    <subfield code="a">82 p&#xE1;ginas. :</subfield>
    <subfield code="b">ilustraciones ;</subfield>
    <subfield code="c">30 cm.</subfield>
  </datafield>
  <datafield tag="440" ind1=" " ind2=" ">
    <subfield code="a">Revista de investigaci&#xF3;n.</subfield>
    <subfield code="n">A&#xF1;o 01, diciembre 2001</subfield>
    <subfield code="9">47083</subfield>
  </datafield>
  <datafield tag="505" ind1=" " ind2=" ">
    <subfield code="a">Contenido: Estudio de composici&#xF3;n Qu&#xED;mica del aceite esencial de Tagetes Filifolia Lag, obtenido en Cusco. -- Evaluaci&#xF3;n de impacto ambiental en la subcuenca de Curahuasi Abancay. -- Estructura de la comunidad arborea arbustiva de Polylepis besseri Yanacocha Urubamba Cusco. -- Evaluaci&#xF3;n de una comunidad bi&#xF3;tica en Pumamarca Cusco. -- Evaluaci&#xF3;n Propolis como controlador de larvas en la comunidad de Tangabamba, Chinchero Urubamba Cusco. -- Curticion artesanal  de pieles de cam&#xE9;lidos usando masa encef&#xE1;lica de porcinos y vacunos. -- Proceso de eutrofizaci&#xF3;n de la laguna de Wacarpay, Lucre Cusco. -- Monitoreo comparativo de la funci&#xF3;n ruminal entre ovinos criollos, alpacas y llamas. -- Sistemas de policultivos de ma&#xED;z en el Valle Sagrado de los Incas. -- Tecnolog&#xED;a del procesamiento agroindustrial de cultivos andinos. -- Percepci&#xF3;n de precursores directos para el dise&#xF1;o de un sistema aut&#xF3;nomo de s&#xED;ntesis org&#xE1;nica. -- Agroecosistemas de la zona de Maras y Chinchero Apur&#xED;mac.</subfield>
  </datafield>
  <datafield tag="650" ind1=" " ind2=" ">
    <subfield code="a">Impacto ambiental</subfield>
    <subfield code="9">44210</subfield>
  </datafield>
  <datafield tag="650" ind1=" " ind2=" ">
    <subfield code="a">Agroecosistema</subfield>
    <subfield code="9">47084</subfield>
  </datafield>
  <datafield tag="650" ind1=" " ind2=" ">
    <subfield code="a">Artesan&#xED;a</subfield>
    <subfield code="9">5482</subfield>
  </datafield>
  <datafield tag="700" ind1=" " ind2=" ">
    <subfield code="a">Urrunaga Soria, Emma</subfield>
    <subfield code="9">47085</subfield>
  </datafield>
  <datafield tag="700" ind1=" " ind2=" ">
    <subfield code="a">Ar&#xE9;stegui Pez&#xFA;a, Alfonso</subfield>
    <subfield code="9">47086</subfield>
  </datafield>
  <datafield tag="942" ind1=" " ind2=" ">
    <subfield code="2">ddc</subfield>
    <subfield code="c">PP</subfield>
  </datafield>
  <datafield tag="945" ind1=" " ind2=" ">
    <subfield code="a">rac</subfield>
  </datafield>
  <datafield tag="952" ind1=" " ind2=" ">
    <subfield code="0">0</subfield>
    <subfield code="2">ddc</subfield>
    <subfield code="4">0</subfield>
    <subfield code="7">0</subfield>
    <subfield code="a">HEM</subfield>
    <subfield code="b">HEM</subfield>
    <subfield code="c">CART</subfield>
    <subfield code="d">2022-02-02</subfield>
    <subfield code="g">5.00</subfield>
    <subfield code="o">Rev.Inv/N&#xB0;1/2001</subfield>
    <subfield code="p">REVC000507</subfield>
    <subfield code="r">2022-02-02</subfield>
    <subfield code="y">PP</subfield>
  </datafield>
</record>
